Footballers of the Polish national team - Statistics

General Stats
  • This quiz has been taken 135 times
  • The average score is 12 of 15
Answer Stats
Picture Hint Answer % Correct
Forward Robert Lewandowski
100%
Goalkeeper Wojciech Szczęsny
95%
Defender Kamil Glik
92%
Forward Arkadiusz Milik
89%
Midfielder Grzegorz Krychowiak
89%
Midfielder Kamil Grosicki
86%
Goalkeeper Łukasz Fabiański
85%
Forward Krzysztof Piątek
84%
Midfielder Piotr Zieliński
84%
Defender Jan Bednarek
79%
Defender Bartosz Bereszyński
72%
Midfielder/Defender Maciej Rybus
69%
Midfielder Karol Linetty
61%
Midfielder Jacek Góralski
59%
Midfielder Mateusz Klich
56%
No matching quizzes found
Score Distribution
Percent of People with Each Score
Percentile by Number Answered
Your Score History
You have not taken this quiz